000 00295 a2200109 4500
001 ART_30502
005 20260410162003.0
008 260409a
245 1 0 _aIndividuo y organización
100 1 _aZarif, Martha
773 0 _tForo político
_g- Vol. XX (ago. 1997)
_wREV30389
999 _c31474
_d31474